Loan guarantees : current concerns and alternatives for control /

Bibliographic Details
Corporate Authors: United States. Congressional Budget Office, ProQuest (Firm)
Other Authors: Shillingburg, John D.
Format: Government Document eBook
Language:English
Series:U.S. Congressional Research.
Subjects:
Online Access:Connect to the full text of this electronic book

MARC

Tag First Indicator Second Indicator Subfields
LEADER 00000cam a22000001a 4500
001 in00003280331
006 m d f
007 cr bn mmmapmmp
008 101011s1978 dcua ob f000 0 eng d
005 20260429190035.7
035 |a cis2007811447 
040 |a LexisNexis  |c LexisNexis  |d UtOrBLW 
043 |a n-us--- 
074 |a 1005-A 
086 0 |a Y 10.9:L 78 
099 |a CMP-1978-CBO-0040 
110 1 |a United States.  |b Congressional Budget Office. 
245 1 0 |a Loan guarantees :  |b current concerns and alternatives for control /  |c the Congress of the United States. Congressional Budget Office. 
264 2 |a Washington :  |b Congress of the United States, Congressional Budget Office ; for sale by Supt. of Docs., U.S. Govt. Print. Off,  |c 1978. 
300 |a 1 online resource. 
336 |a text  |b txt  |2 rdacontent 
337 |a computer  |b c  |2 rdamedia 
338 |a online resource  |b cr  |2 rdacarrier 
490 1 |a Background paper - Congressional Budget Office 
500 |a Record is based on bibliographic data in LexisNexis U.S. Congressional Research Digital Collection. Reuse except for individual research requires license from LexisNexis. 
504 |a Includes bibliographical references. 
500 |a Electronic resource. 
650 0 |a Loans  |z United States  |x Government guaranty. 
655 7 |a Electronic books.  |2 local 
700 1 |a Shillingburg, John D. 
710 2 |a ProQuest (Firm) 
776 0 8 |i Print version:   |a United States. Congressional Budget Office.  |t Loan guarantees  |w gp 79006760  |w (OCoLC)04183195 
776 0 8 |i Microfiche version:   |a United States. Congressional Budget Office.  |t Loan guarantees  |d [Bethesda, Md.] : LexisNexis Academic & Library Solutions,1978.   |o CIS 78 J932-44  |w (LexisNexis)cis07801885 
830 0 |a U.S. Congressional Research. 
856 4 0 |u http://proxy.library.tamu.edu/login?url=https://congressional.proquest.com/congcomp/getdoc?CRDC-ID=CMP-1978-CBO-0040  |z Connect to the full text of this electronic book  |t 0 
998 |a cis07801885 
999 |a MARS 
999 f f |s e39f53a4-d1d9-3480-a9fd-d85b6fe8188e  |i 1d01cc6e-deaa-3c95-b266-88f6e25dfadc  |t 0 
952 f f |a Texas A&M University  |b College Station  |c Electronic Resources  |s www_evans  |d Available Online  |t 0  |e CMP-1978-CBO-0040  |h Other scheme 
998 f f |a CMP-1978-CBO-0040  |t 0  |l Available Online